000 00690nam a22002057a 4500
005 20260417111939.0
008 240624b mx |||||||| |||| 00| 0 spa d
020 _a9786070938573
050 0 4 _aKGF2698
_bS55 2021
100 1 _aSilva Ramírez, Luciano
245 1 0 _aEl control judicial de la constitucionalidad y el juicio de amparo en México
_c / Luciano Silva Ramírez
250 _a5a ed.
260 _aCiudad de México :
_bPorrúa,
_c2021
300 _axxxii, 941 p. ;
_c24 cm.
504 _aBibliografía : p. 911-923
650 4 _aRevisión judicial
_zMéxico
650 7 _2lemb
_aRecurso de amparo
_zMéxico
700 1 _4Fix Zamudio, Héctor,
_eprologuista
942 _2lcc
_cLIB
999 _c87465
_d87465